000
00271nam a2200109Ia 4500
008
200302s9999 xx 000 0 und d
100
_a
Vikramaditya Prakash
245
_a
The Architecture Of Shivdatt Sharma
260
_b
Mapin Publishing
260
_c
2012
300
_a
173 P
999
_c
4394
_d
4394